000 00608cam a22002411 4500
001 sa 65004445
003 DLC
005 20260227112131.0
008 941101s1964 ii a b 000 0 gujo
010 _asa 65004445
025 _aPL480:I-Gu-397
035 _a(OCoLC)31390539
040 _aDLC
_cCU
_dCU
_dDLC
042 _apremarc
050 0 0 _aQB43
_b.S8
100 1 _aSuthāra, Choṭubhāī.
245 1 0 _aBrahmāṇḍa vikasatuṃ ke viśrānta.
260 _c[1964]
300 _a136 p.
_billus.
_c19 cm.
500 _aIn Gujarati.
504 _aBibliography: p. 132.
650 0 _aAstronomy.
999 _c63765
_d63765